| 000 -ლიდერი |
| ფიქსირებული სიგრძის საკონტროლო ველი |
01645nam a2200241Ia 4500 |
| 001 - საკონტროლო ნომერი |
| საკონტროლო ველი |
18649 |
| 003 - საკონტროლო ნომრის იდენტიფიკატორი |
| საკონტროლო ველი |
GE_BSU |
| 005 - ბოლო ოპერაციის თარიღი და დრო |
| საკონტროლო ველი |
20220920111703.0 |
| 008 - ფიქსირებული სიგრძის მონაცემთა ელემენტები - ზოგადი ინფორმაცია |
| ფიქსირებული სიგრძის საკონტროლო ველი |
181216s2012||||ge |||||||||||||| ||geo|| |
| 040 ## - კატალოგიზაციის წყარო |
| Transcribing agency |
GE_BSU |
| 041 ## - ენის კოდი |
| Language code of text/sound track or separate title |
geo |
| 080 ## - უნივერსალური ათობითი კლასიფიკაციის ინდექსი |
| Universal Decimal Classification number |
33 მ-47 |
| 100 ## - მთავარი ჩანაწერი - პიროვნების სახელი |
| Personal name |
მეგრელიშვილი, სოფიკო |
| 9 (RLIN) |
11651 |
| 245 ## - ცნობა სათაურის შესახებ |
| Title |
სტიმულირებისა და მოტივაციის პროცესების ორგანიზაციულ-ეკონომიკური რეგულირება სამეწარმეო საქმიანობაში : დისერტაცვია / |
| Statement of responsibility, etc |
სოფიკო მეგრელიშვილი; სამეცნიერო ხელმძღვანელი ვლ.ღლონტი;ბათუმის შოთა რუსთაველის სახ-ფო უნ-ტი. |
| 264 ## - წარმოების, გამოცემის, დისტრიბუციის და სხვა ცნობები |
| გამოცემის, წარმოების, დისტრიბუციის... ადგილი |
ბათუმი, |
| გამოცემის, წარმოების, დისტრიბუციის... თარიღი |
2012. |
| 300 ## - ფიზიკური აღწერა |
| Extent |
181 გვ.; |
| Other physical details |
30 სმ. |
| 653 ## - INDEX TERM--UNCONTROLLED |
| Uncontrolled term |
დისერტაცია |
| 653 ## - INDEX TERM--UNCONTROLLED |
| Uncontrolled term |
ეკონომიკა |
| 653 ## - INDEX TERM--UNCONTROLLED |
| Uncontrolled term |
სტიმულირებისა და მოტივაციის პროცესების ორგანიზაციულ-ეკონომიკური რეგულირება სამეწარმეო საქმიანობაში |
| 700 ## - ADDED ENTRY--PERSONAL NAME |
| Personal name |
ღლონტი, ვლ. |
| Relator term |
სამეცნიერო ხელმძღვანელი |
| 9 (RLIN) |
11652 |
| 710 ## - ADDED ENTRY--CORPORATE NAME |
| Corporate name or jurisdiction name as entry element |
ბათუმის შოთა რუსთაველის სახ-ფო უნ-ტი |
| 9 (RLIN) |
11653 |
| 942 ## - ADDED ENTRY ELEMENTS (KOHA) |
| Koha item type |
წიგნი |
| Source of classification or shelving scheme |
|